Statistics for Periodic Table Elements Mentioned in the Bible

Click here to take the quiz!

General Stats

  • This quiz has been taken 21,348 times
  • The average score is 5 of 7

Answer Stats

Elements % Correct
Gold
97%
Silver
95%
Iron
80%
Copper
75%
Tin
62%
Lead
54%
Sulfur
36%

Score Distribution

Percentile by Number Answered

Percent of People with Each Score

Your Score History

You have not taken this quiz